<?xml version="1.0" encoding="UTF-8"?><?xml-stylesheet type="text/xsl" href="static/style.xsl"?><OAI-PMH xmlns="http://www.openarchives.org/OAI/2.0/" xmlns:xsi="http://www.w3.org/2001/XMLSchema-instance" xsi:schemaLocation="http://www.openarchives.org/OAI/2.0/ http://www.openarchives.org/OAI/2.0/OAI-PMH.xsd"><responseDate>2026-04-17T21:18:36Z</responseDate><request verb="GetRecord" identifier="oai:www.recercat.cat:2117/446297" metadataPrefix="marc">https://recercat.cat/oai/request</request><GetRecord><record><header><identifier>oai:recercat.cat:2117/446297</identifier><datestamp>2025-11-17T18:32:30Z</datestamp><setSpec>com_2072_1033</setSpec><setSpec>col_2072_452951</setSpec></header><metadata><record xmlns="http://www.loc.gov/MARC21/slim" xmlns:dcterms="http://purl.org/dc/terms/" xmlns:xsi="http://www.w3.org/2001/XMLSchema-instance" xmlns:doc="http://www.lyncode.com/xoai" xsi:schemaLocation="http://www.loc.gov/MARC21/slim http://www.loc.gov/standards/marcxml/schema/MARC21slim.xsd">
   <leader>00925njm 22002777a 4500</leader>
   <datafield ind2=" " ind1=" " tag="042">
      <subfield code="a">dc</subfield>
   </datafield>
   <datafield ind2=" " ind1=" " tag="720">
      <subfield code="a">Guerrero Lorente, Abel</subfield>
      <subfield code="e">author</subfield>
   </datafield>
   <datafield ind2=" " ind1=" " tag="260">
      <subfield code="c">2025-07-08</subfield>
   </datafield>
   <datafield ind2=" " ind1=" " tag="520">
      <subfield code="a">El siguiente trabajo de investigación está enfocado en la profundización sobre el término de material híbrido, investigar más sobre este concepto novedoso en tecnología de materiales, conocer su historia, lograr definir, clasificar y evaluar su estado actual, mediante la utilización de recursos bibliográficos de ámbito académico como artículos o revistas publicadas en portales y motores de búsqueda. Esta información ha sido recogida y procesada mediante la herramienta Overleaf y en su lenguaje de escritura LaTeX.
Como objetivos principales del trabajo resalta la cuestión sobre si es posible la introducción de nuevos materiales (los híbridos) en el mundo del motorsport, pero también lo son obtener conocimiento e información sobre esta novedosa rama de los materiales en el ámbito de la ingeniería. 
Para la obtención de una respuesta será necesaria una investigación exhaustiva para desarrollar el tema elegido y, poder de esta forma, realizar un análisis comparativo respecto a los materiales utilizados actualmente. 
En el apartado de las conclusiones, se analizan los resultados obtenidos mediante el análisis y se reflexiona sobre la introducción de 4 tipos de materiales híbridos en el motorsport. Además, también se añade información de como podría continuar desarrollándose este estudio en un futuro.</subfield>
   </datafield>
   <datafield ind2=" " ind1=" " tag="520">
      <subfield code="a">El següent treball de recerca se centra a aprofundir en el terme material híbrid, investigar més sobre aquest nou concepte en tecnologia de materials, conèixer la seva història, aconseguir definir, classificar i avaluar el seu estat actual, mitjançant l'ús de recursos bibliogràfics acadèmics com articles o revistes publicades en portals i motors de cerca. Aquesta informació ha estat recollida i processada per l'eina Overleaf i en el seu llenguatge d'escriptura LaTeX.
Com a objectius principals del treball destaca la qüestió de si és possible introduir nous materials (híbrids) en el món de l'automobilisme, però també obtenir coneixements i informació sobre aquesta nova branca dels materials en l'àmbit de l'enginyeria. 
Per obtenir una resposta, caldrà dur a terme una àmplia investigació per desenvolupar el tema escollit i, d'aquesta manera, realitzar un anàlisi comparatiu dels materials utilitzats actualment. 
A la secció de conclusió, s'analitzen els resultats de l'anàlisi i es té en compte la introducció de quatre tipus de materials híbrids a l'automobilisme. A més, també s'afegeix informació sobre com es podria desenvolupar aquest estudi en el futur.</subfield>
   </datafield>
   <datafield ind2=" " ind1=" " tag="520">
      <subfield code="a">The following research work is focused on deepening on the term hybrid material, investigate more about this novel concept in materials technology, know its history, manage to define, classify and evaluate its current state, through the use of academic bibliographic resources such as articles or journals published on portals and search engines. This information has been collected and processed by the Overleaf tool and in its LaTeX writing language.
As main objectives of the work highlights the question of whether it is possible to introduce new materials (hybrids) in the world of motorsport, but also to obtain knowledge and information about this novel branch of materials in the field of engineering. 
In order to obtain an answer, it will be necessary to carry out extensive research to develop the chosen topic and, in this way, to carry out a comparative analysis of the materials currently used. 
In the conclusion section, the results of the analysis are analysed and consideration is given to the introduction of four types of hybrid materials into motorsport. In addition, information is also added on how this study could be further developed in the future.</subfield>
   </datafield>
   <datafield ind1="8" ind2=" " tag="024">
      <subfield code="a">http://hdl.handle.net/2117/446297</subfield>
   </datafield>
   <datafield tag="653" ind2=" " ind1=" ">
      <subfield code="a">Àrees temàtiques de la UPC::Enginyeria dels materials</subfield>
   </datafield>
   <datafield tag="653" ind2=" " ind1=" ">
      <subfield code="a">Àrees temàtiques de la UPC::Enginyeria dels materials::Materials compostos</subfield>
   </datafield>
   <datafield tag="653" ind2=" " ind1=" ">
      <subfield code="a">Composite materials</subfield>
   </datafield>
   <datafield tag="653" ind2=" " ind1=" ">
      <subfield code="a">Automobiles, Racing</subfield>
   </datafield>
   <datafield tag="653" ind2=" " ind1=" ">
      <subfield code="a">Materiales híbridos</subfield>
   </datafield>
   <datafield tag="653" ind2=" " ind1=" ">
      <subfield code="a">Motorsport</subfield>
   </datafield>
   <datafield tag="653" ind2=" " ind1=" ">
      <subfield code="a">F1</subfield>
   </datafield>
   <datafield tag="653" ind2=" " ind1=" ">
      <subfield code="a">WEC</subfield>
   </datafield>
   <datafield tag="653" ind2=" " ind1=" ">
      <subfield code="a">Tecnología de materiales</subfield>
   </datafield>
   <datafield tag="653" ind2=" " ind1=" ">
      <subfield code="a">Materiales compuestos</subfield>
   </datafield>
   <datafield tag="653" ind2=" " ind1=" ">
      <subfield code="a">Materials compostos</subfield>
   </datafield>
   <datafield tag="653" ind2=" " ind1=" ">
      <subfield code="a">Automòbils de competició</subfield>
   </datafield>
   <datafield ind2="0" ind1="0" tag="245">
      <subfield code="a">Estudio de materiales híbridos en el ámbito del Motorsport</subfield>
   </datafield>
</record></metadata></record></GetRecord></OAI-PMH>